[Event "Arximiro Penide Cedeira Mem"]
[Site "Arteixo ESP"]
[Date "2007.07.27"]
[Round "2"]
[White "Dimitrov,Vl"]
[Black "Berbatov,K"]
[Result "1-0"]
[WhiteElo "2452"]
[BlackElo "2096"]

1.c4 e5 2.g3 Nc6 3.Bg2 g6 4.Nc3 Bg7 5.e3 d6 6.Nge2 h5 7.h3 h4 8.g4 f5 9.gxf5 Bxf5
10.d3 Nf6 11.e4 Be6 12.Bg5 Qd7 13.Nd5 Bxd5 14.cxd5 Nd8 15.Qb3 c5 16.dxc6 bxc6
17.d4 Ne6 18.Be3 O-O 19.dxe5 dxe5 20.O-O Qf7 21.Rac1 Rac8 22.Rfd1 c5 23.Rd6 Rfe8
24.Ra6 Bf8 25.Qc4 Rc7 26.Nc3 Rb7 27.Nb5 Rxb5 28.Qxb5 Nc7 29.Qa4 Nxa6 30.Qxa6 Re6
31.Qa4 Rb6 32.b3 Nh5 33.Bf1 Kg7 34.Rd1 Rb7 35.Rd8 Nf4 36.Kh2 Be7 37.Rd7 Rxd7
38.Qxd7 Bf8 39.Qd8 Qe7 40.Qb8 g5 41.Bd2 Kf6 42.Bc3 Ng6 43.Be2 Qd6 44.Qxa7 Be7
45.Qa8 Qd8 46.Qa6+ Qd6 47.a4 Qxa6 48.Bxa6 Bd8 49.a5 Nf4 50.Bc4 Bc7 51.a6 Bb6
52.Ba5 Ba7 53.Bd8+ Kg6 54.f3 Nh5 55.Be6 Nf4 56.Bf5+ Kh5 57.Bc7 Nd3 58.Kg2 Kh6
59.Kf1 Kg7 60.Ke2 Nc1+ 61.Kd2 Nxb3+ 62.Kc3 Nd4 63.Bxe5+ Kf7 64.Bg4 Nc6 65.Bc7 Nb4
66.Bc8 Ke7 67.Kc4 Nc2 68.e5 Ne3+ 69.Kb5 c4 70.Ba5 Nd5 71.Kxc4  1-0

[Event "US Open"]
[Site "Cherry Hill USA"]
[Date "2007.08.01"]
[Round "5"]
[White "Zlotnikov,M"]
[Black "May,A"]
[Result "1-0"]
[WhiteElo "2367"]
[BlackElo "2099"]

1.c4 e5 2.g3 Nc6 3.Bg2 f5 4.Nc3 Nf6 5.d3 Bb4 6.Bd2 O-O 7.Nf3 d6 8.O-O a5
9.Rc1 Bxc3 10.Bxc3 Qe8 11.e3 Qh5 12.c5 Be6 13.cxd6 cxd6 14.Qa4 Nd5 15.Qb5 Ndb4
16.Bxb4 Nxb4 17.a3 Na6 18.Qb6 Bd5 19.e4 Bc6 20.Rxc6 bxc6 21.Qxc6 Rfd8 22.exf5 Qxf5
23.d4 Qf6 24.Qd5+ Kf8 25.dxe5 dxe5 26.Qxa5 Rac8 27.b4 Re8 28.Nd2 Re6 29.Bh3 Rce8
30.Ne4 Qe7 31.Bxe6 Qxe6 32.Rd1 Nb8 33.Nd6 Re7 34.Qd8+ Re8 35.Nxe8 Qxe8 36.Qxe8+ Kxe8
37.b5 Nd7 38.Rxd7 Kxd7 39.Kf1 Kc7 40.Ke2 Kb6 41.a4 Ka5  1-0

[Event "US Open"]
[Site "Cherry Hill USA"]
[Date "2007.08.01"]
[Round "5"]
[White "Shaw,Ten"]
[Black "Ippolito,D"]
[Result "0-1"]
[WhiteElo "2164"]
[BlackElo "2395"]

1.c4 e5 2.g3 Nf6 3.Bg2 c6 4.d4 Bb4+ 5.Bd2 Bxd2+ 6.Qxd2 d6 7.Nc3 O-O 8.e3 Qe7
9.Nge2 Nbd7 10.h3 Re8 11.g4 h6 12.Ng3 Nb6 13.b3 exd4 14.Qxd4 Be6 15.O-O d5
16.c5 Nbd7 17.Rfc1 Qxc5 18.Qxc5 Nxc5 19.Nxd5 Bxd5 20.Rxc5 Bxg2 21.Kxg2 Rad8
22.Rac1 Rd2 23.R1c2 Red8 24.Kf3 Rd1 25.Ne2 g6 26.Nd4 Nd7 27.Rc1 Rxd4 28.exd4 Nxc5
29.dxc5 Rd2 30.Rc4 Rxa2 31.Rb4 Rc2 32.Rxb7 Rxc5 33.Ke4 a5 34.Rd7 Kg7 35.f4 Kf6
36.Kd4 Rb5 37.Rd6+ Ke7 38.Rxc6 Rxb3 39.f5 gxf5 40.gxf5 Rxh3 41.Ra6 a4 42.Ke5 f6+
43.Kd5 Re3 44.Ra7+ Kf8 45.Kd6 h5 46.Rh7 Re5 47.Ra7 Rxf5 48.Rxa4 Kg7  0-1

[Event "Open NK"]
[Site "Dieren NED"]
[Date "2007.08.01"]
[Round "8"]
[White "Niemi,M"]
[Black "Bensdorp,M"]
[Result "1/2-1/2"]
[WhiteElo "2149"]
[BlackElo "2238"]

1.c4 e5 2.g3 Nf6 3.Bg2 d5 4.cxd5 Nxd5 5.Nf3 Nc6 6.O-O Nb6 7.d3 Be7 8.a3 O-O
9.Nbd2 a5 10.b3 Be6 11.Bb2 f6 12.Qc2 Qd7 13.Rfd1 Rfd8 14.Ne4 Qe8 15.Nfd2 Qf7
16.Nc5 Bxc5 17.Qxc5 Bd5 18.Rac1 Rac8 19.Bh3 Be6 20.Bg2 Bd5 21.Bh3 Rb8 22.Qc2 Qh5
23.Bf1 Rbc8 24.Nc4 Qf7 25.Qd2 a4 26.Nxb6 cxb6 27.bxa4 Bb3 28.Re1 Bxa4 29.Qe3 b5
30.Bg2 Qd7 31.Qb6 Qc7 32.Qxc7 Rxc7 33.Rc5 Kf8 34.Rec1 Rdc8 35.f4 exf4 36.gxf4 Re8
37.Kf2 Rce7 38.e4 Rd7 39.Ke3 Red8 40.Bf1 Kf7 41.Be2 g6 42.h4 Ke7 43.h5 Kf7
44.hxg6+ hxg6 45.Rh1 Kg7 46.Rh3 b4 47.e5 fxe5 48.axb4 Nxb4 49.Bxe5+ Kf7 50.Rh7+  1/2-1/2

[Event "Open NK"]
[Site "Dieren NED"]
[Date "2007.08.01"]
[Round "8"]
[White "Veltman,J"]
[Black "Van der Poel,H"]
[Result "1/2-1/2"]
[WhiteElo "2137"]
[BlackElo "2323"]

1.c4 e5 2.g3 Nf6 3.Bg2 d5 4.cxd5 Nxd5 5.Nf3 Nc6 6.O-O Nb6 7.Nc3 Be7 8.a3 O-O
9.b4 Be6 10.d3 f5 11.Bb2 Bf6 12.Na4 Nxa4 13.Qxa4 e4 14.Bxf6 Qxf6 15.dxe4 fxe4
16.Nd2 e3 17.fxe3 Qc3 18.Nf3 a6 19.Qd1 Qxe3+ 20.Rf2 Ne5 21.Qc1 Qb6 22.Qc5 Qxc5
23.bxc5 Ng4 24.Ng5 Rxf2 25.Nxe6 Rxg2+ 26.Kxg2 Re8 27.Nxc7 Rxe2+ 28.Kf3 Re7
29.Kxg4 Rxc7 30.Rc1 Rc6 31.Kf4 Kf7 32.Rb1 Rxc5  1/2-1/2

[Event "Scandinavian Chess Tournament"]
[Site "Taby SWE"]
[Date "2007.08.04"]
[Round "1"]
[White "Karlsson,L"]
[Black "Beneteau,H"]
[Result "1-0"]
[WhiteElo "2493"]
[BlackElo "2126"]

1.c4 e5 2.g3 Nc6 3.Bg2 g6 4.Nc3 Bg7 5.e4 Nge7 6.Nge2 O-O 7.O-O Nd4 8.Nxd4 exd4
9.Ne2 c6 10.d3 d5 11.Nf4 b6 12.exd5 cxd5 13.Nxd5 Nxd5 14.Bxd5 Bh3 15.Re1 Rc8
16.Qf3 h5 17.Bd2 Bg4 18.Qf4 a5 19.Qg5 Bf5 20.Qxd8 Rcxd8 21.Be4 Be6 22.b4 axb4
23.Bxb4 Rfe8 24.Bc6 Bd7 25.Bxd7 Rxe1+ 26.Rxe1 Rxd7 27.Re8+ Kh7 28.Re7  1-0

[Event "Scandinavian Chess Tournament"]
[Site "Taby SWE"]
[Date "2007.08.05"]
[Round "3"]
[White "Nygren,K"]
[Black "Zhao Xue"]
[Result "0-1"]
[WhiteElo "2247"]
[BlackElo "2500"]

1.c4 e5 2.g3 Nf6 3.Bg2 d5 4.cxd5 Nxd5 5.Nc3 Nb6 6.Nf3 Nc6 7.d3 Be7 8.O-O O-O
9.Ne1 Nd4 10.e3 Nf5 11.e4 Nd4 12.f4 exf4 13.Bxf4 Be6 14.Nf3 Nxf3+ 15.Qxf3 Qd7
16.Qe3 Rad8 17.Rad1 c5 18.Kh1 Bg4 19.Rd2 Rfe8 20.Qf2 Bf8 21.Be3 f6 22.b3 Rc8
23.d4 c4 24.e5 Bb4 25.exf6 Rf8 26.f7+ Kh8 27.Ne4 Bxd2 28.Bxd2 Bh5 29.Ng5 c3
30.Bf4 c2 31.Be5 Bxf7 32.Be4 Bg8  0-1

[Event "ch-AUT"]
[Site "Tweng AUT"]
[Date "2007.08.06"]
[Round "3"]
[White "Holzer,G"]
[Black "Schachinger,M"]
[Result "1/2-1/2"]
[WhiteElo "2254"]
[BlackElo "2284"]

1.c4 e5 2.g3 Nc6 3.Bg2 g6 4.Nc3 Bg7 5.Nf3 d6 6.O-O Nh6 7.d3 O-O 8.e4 f6 9.Rb1 a5
10.a3 Be6 11.h3 Qd7 12.Kh2 Nf7 13.Nd5 a4 14.Be3 Ra6 15.Nh4 Na5 16.Nb4 Raa8
17.f4 c5 18.Na2 Nd8 19.f5 Bf7 20.Nc3 g5 21.Nf3 Nb3 22.h4 g4 23.Nd2 Nxd2 24.Bxd2 h5
25.Rf2 Ra6 26.Bf1 Be8 27.Be2 Qf7 28.Be3 Bc6 29.Qc2 Qe8 30.Rg1 Nf7 31.Rff1 Bh6
32.Bf2 Kh7 33.Ra1 Qd7 34.Rgb1 Rb6 35.Bd1 Ra8 36.Qe2 Nd8 37.Bc2 Qe8 38.Qd1 Kg7
39.Qe2 Qd7 40.Qd1 Rba6 41.Qe2 Qc8  1/2-1/2

[Event "Scandinavian Chess Tournament"]
[Site "Taby SWE"]
[Date "2007.08.07"]
[Round "6"]
[White "Aroven,M"]
[Black "Carlsson,P"]
[Result "0-1"]
[WhiteElo "2169"]
[BlackElo "2480"]

1.c4 e5 2.g3 Nf6 3.Bg2 h6 4.Nf3 e4 5.Nd4 d5 6.cxd5 Qxd5 7.Nc2 Qh5 8.Ne3 Bh3
9.Nc3 Bxg2 10.Nxg2 Nc6 11.Qa4 O-O-O 12.Qb5 Bc5 13.Nf4 Qf5 14.b4 Nxb4 15.Rb1 a6
16.Qc4 g5 17.a3 Nc6 18.g4 Nxg4 19.Nxe4 Rd4 20.Qxc5 Qxe4  0-1

[Event "Arctic Chess Challenge"]
[Site "Tromso NOR"]
[Date "2007.08.07"]
[Round "4"]
[White "Lie,Es"]
[Black "Epishin,V"]
[Result "0-1"]
[WhiteElo "2404"]
[BlackElo "2587"]

1.c4 e5 2.g3 Nc6 3.Bg2 Bc5 4.Nc3 d6 5.e3 a6 6.Nge2 Ba7 7.b3 Nge7 8.d3 Bd7
9.Bb2 Rb8 10.Qd2 b5 11.O-O O-O 12.Rac1 bxc4 13.dxc4 a5 14.Rfd1 Nb4 15.c5 Bxc5
16.Ne4 Bb6 17.Bxe5 Nf5 18.Ba1 Re8 19.N2c3 Be6 20.Qb2 f6 21.a3 Nxe3 22.fxe3 Bxe3+
23.Kh1 Bxc1 24.Qxc1 Bxb3 25.axb4 Bxd1 26.Qxd1 axb4 27.Nd5 Re5 28.Nf4 b3 29.Nd3 Kh8
30.h4 Qe8 31.Nxe5 fxe5 32.Bb2 h6 33.Nc3 Qg6 34.Qf3 Qc2 35.Nd1 c6 36.Bf1 Qg6
37.Bd3 Qe6 38.Ne3 e4 39.Bxe4 Re8 40.Kh2 Qxe4 41.Qf7 Re7 42.Qf8+ Kh7  0-1

[Event "ch-Euro Rapid Women"]
[Site "Predeal ROM"]
[Date "2007.08.08"]
[Round "6"]
[White "Marin,Ir"]
[Black "Paulet,I"]
[Result "1-0"]
[WhiteElo "2166"]
[BlackElo "2241"]

1.c4 e5 2.g3 Nc6 3.Bg2 g6 4.Nc3 Bg7 5.e4 d6 6.Nge2 Be6 7.d3 h5 8.h4 Qd7 9.O-O Bh3
10.Nd5 Bxg2 11.Kxg2 O-O-O 12.b4 Bh6 13.b5 Nce7 14.Qa4 Kb8 15.Nec3 Bxc1 16.Raxc1 f6
17.Rb1 g5 18.Nb4 Ka8 19.Ncd5 Rh7 20.Rb3 gxh4 21.Ra3 Nc8 22.Nc6 a6 23.Nxd8 h3+
24.Kh2 h4 25.bxa6 Qxa4 26.axb7+ Kb8 27.Rxa4 Na7 28.Rb1  1-0

[Event "Scandinavian Chess Tournament"]
[Site "Taby SWE"]
[Date "2007.08.08"]
[Round "7"]
[White "Nygren,K"]
[Black "Zachrisson,M"]
[Result "1/2-1/2"]
[WhiteElo "2247"]
[BlackElo "2090"]

1.c4 e5 2.g3 g6 3.Bg2 Bg7 4.Nc3 d6 5.e3 Nf6 6.Nge2 O-O 7.O-O c6 8.d4 Re8
9.b4 e4 10.b5 Nbd7 11.bxc6 bxc6 12.f3 d5 13.fxe4 dxe4 14.Qc2 Qe7 15.a4 Ba6
16.Ba3 Qe6 17.d5 cxd5 18.Nf4 Qe5 19.Ncxd5 Nxd5 20.Nxd5 Rac8 21.Qf2 f5 22.Rfd1 Bxc4
23.Nf4 Nc5 24.Rab1 Nd3 25.Nxd3 Bxd3 26.Qa2+ Qe6 27.Qxe6+ Rxe6 28.Rxd3 exd3
29.Bd5 Re8  1/2-1/2

[Event "KRK WGM"]
[Site "Dobrinj CRO"]
[Date "2007.08.09"]
[Round "6"]
[White "Franciskovic,B"]
[Black "Kostiuk,T"]
[Result "1/2-1/2"]
[WhiteElo "2273"]
[BlackElo "2241"]

1.c4 e5 2.g3 Nf6 3.Bg2 d5 4.cxd5 Nxd5 5.Nc3 Nb6 6.Nf3 Nc6 7.O-O Be7 8.d3 O-O
9.a3 Re8 10.b4 Bf8 11.Rb1 Bg4 12.Re1 Qd7 13.Ne4 Nd4 14.Nxd4 exd4 15.Nc5 Bxc5
16.bxc5 Nd5 17.Bb2 Rad8 18.Qd2 Nf6 19.Ba1 b6 20.cxb6 axb6 21.Rb4 c5 22.Rxb6 Qa7
23.Rb3 Be6 24.Rb5 Qxa3 25.Bb2 Qa7 26.Ra1 Qe7 27.Ba3 Bd7 28.Bxc5 Qxe2 29.Qxe2 Rxe2
30.Rb4 Bf5 31.Rxd4 Rc8 32.Bf1 Rc2 33.Be7 Ng4 34.Rc4  1/2-1/2

[Event "Arctic Chess Challenge"]
[Site "Tromso NOR"]
[Date "2007.08.09"]
[Round "6"]
[White "Johnsen,Sv"]
[Black "Arvola,B"]
[Result "0-1"]
[WhiteElo "2172"]
[BlackElo "2022"]

1.c4 e5 2.g3 Nf6 3.Nc3 Bb4 4.Nd5 Nxd5 5.cxd5 c6 6.Bg2 O-O 7.a3 Be7 8.Qb3 d6
9.d3 cxd5 10.Bxd5 Nc6 11.e3 Rb8 12.Bxc6 Be6 13.Bd5 Qa5+ 14.Bd2 Qxd5 15.Qxd5 Bxd5
16.e4 Bc6 17.Be3 f5 18.f3 d5 19.exd5 Bxd5 20.Bxa7 Rbc8 21.Kd2 Bg5+ 22.Be3 f4
23.gxf4 exf4 24.Bd4 Rfd8 25.Rc1 Rxc1 26.Kxc1 Bc6 27.h4 Bh6 28.Bb6 Rc8 29.Kd2 Ba4
30.Bd4 Rc2+ 31.Ke1 Bb5 32.h5 Bxd3 33.Rh4 Bg5 34.Rh1 Bb5 35.Kd1 Ba4 36.Ke1 Rc1+
37.Ke2 Bf6 38.Bxf6 gxf6 39.Kd3 Bb5+  0-1

[Event "Arctic Chess Challenge"]
[Site "Tromso NOR"]
[Date "2007.08.11"]
[Round "8"]
[White "Lie,Es"]
[Black "Kvisla,J"]
[Result "1-0"]
[WhiteElo "2404"]
[BlackElo "2122"]

1.c4 e5 2.g3 Nf6 3.Bg2 d5 4.cxd5 Nxd5 5.Nf3 Nc6 6.O-O Nb6 7.d3 Be7 8.Nc3 O-O
9.Be3 Be6 10.Rc1 f5 11.Na4 Nxa4 12.Qxa4 Bf6 13.Rfd1 Nd4 14.Bxd4 exd4 15.Qb5 Bd5
16.Ne1 Bxg2 17.Nxg2 Qc8 18.b4 Kh8 19.Qc4 c6 20.Nf4 Qd7 21.Qe6 Qxe6 22.Nxe6 Rf7
23.b5 cxb5 24.Nc7 Rd8 25.Nxb5 a6 26.Na3 h6 27.Rc4 Rd5 28.Rc8+ Kh7 29.Nc4 b5
30.Na5 Bd8 31.Nc6 Bb6 32.Rc1 a5 33.Rb8 Ba7 34.Ra8 Rd6 35.Nxa7 Ra6 36.Rb8 Raxa7
37.Rxb5 Rfb7 38.Rcc5 Rxb5 39.Rxb5 Kg6 40.Rd5 Rc7 41.Rxa5 Rc2 42.Kf1  1-0

[Event "Romanian Open"]
[Site "Predeal ROM"]
[Date "2007.08.12"]
[Round "2"]
[White "Matamoros Franco,C"]
[Black "Katov,L"]
[Result "1/2-1/2"]
[WhiteElo "2528"]
[BlackElo "2277"]

1.c4 e5 2.g3 Nf6 3.Bg2 c6 4.d4 Bb4+ 5.Bd2 Bxd2+ 6.Qxd2 d6 7.Nc3 O-O 8.e3 Be6
9.b3 exd4 10.Qxd4 d5 11.cxd5 Nxd5 12.Nge2 Nxc3 13.Qxc3 Nd7 14.O-O Qe7 15.b4 Nf6
16.Nf4 Rfd8 17.Nxe6 Qxe6 18.a4 a6 19.Qb2 Rd6 20.Rfd1 h6 21.Rac1 Rad8 22.Rxd6 Rxd6
23.h3 Qd7 24.Ra1 Qe7  1/2-1/2

[Event "Open"]
[Site "Callao PER"]
[Date "2007.08.13"]
[Round "8"]
[White "Retamozo,H"]
[Black "Cabrera Huaman,A"]
[Result "0-1"]
[WhiteElo "2235"]
[BlackElo "2268"]

1.c4 e5 2.g3 Nf6 3.Bg2 c6 4.d4 exd4 5.Qxd4 Na6 6.Nc3 Be7 7.Nf3 d5 8.cxd5 Nb4
9.Qd1 Nbxd5 10.Bd2 O-O 11.O-O Re8 12.Nxd5 Nxd5 13.Re1 Nb6 14.Qc2 Bg4 15.Rad1 Qc8
16.Ng5 Bf5 17.e4 Bg4 18.Rc1 h6 19.Nf3 Bh3 20.Bh1 Qe6 21.a4 Nd7 22.a5 c5 23.Bf4 b5
24.b3 Rac8 25.Qd3 Qa6 26.Qc3 b4 27.Qa1 c4 28.bxc4 Rc5 29.Nd2 Rxa5 30.Qb1 Nc5
31.Nb3 Nxb3 32.Qxb3 Ra3 33.Qd1 Be6 34.c5 Rc8 35.Qd4 Qb5 36.Be3 Rd3 37.Qa1 a5
38.c6 b3 39.Qb1 a4 40.Bg2 Rxe3 41.Rxe3 Rxc6 42.Rxc6 Qxc6 43.e5 Qb6 44.Be4 a3
45.Rd3 b2  0-1

[Event "TCh-ESP CECLUB Norte Div 1"]
[Site "Sabadell ESP"]
[Date "2007.08.15"]
[Round "1"]
[White "Vidarte Morales,A"]
[Black "Serras Uria,A"]
[Result "1-0"]
[WhiteElo "2404"]
[BlackElo "2200"]

1.c4 e5 2.g3 Nc6 3.Nc3 g6 4.Rb1 a5 5.Bg2 Bg7 6.a3 Nf6 7.b4 axb4 8.axb4 O-O
9.d3 h6 10.b5 Ne7 11.Qb3 d6 12.Nf3 Be6 13.Nd2 Qc8 14.O-O Bh3 15.Nd5 Nexd5
16.cxd5 Bxg2 17.Kxg2 Qg4 18.e4 Nh5 19.Nc4 b6 20.f3 Qd7 21.Be3 Qd8 22.Rbc1 f5
23.exf5 gxf5 24.Nd2 Nf6 25.d4 e4 26.fxe4 fxe4 27.Rf4 Qd7 28.Nxe4 Nxe4 29.Rxe4 Ra5
30.Rc6 Rfa8 31.Bf2 Ra3 32.Qc4 R3a4 33.Rxc7 Qf5 34.Qe2 Qxd5 35.Qg4 Qg5 36.h4 Qf6
37.Ree7  1-0

[Event "TCh-ESP CECLUB Norte Div 1"]
[Site "Sabadell ESP"]
[Date "2007.08.16"]
[Round "3"]
[White "Gomez Anadon,D"]
[Black "Melendez Fierro,J"]
[Result "1/2-1/2"]
[WhiteElo "2305"]
[BlackElo "2252"]

1.c4 e5 2.g3 g6 3.Bg2 Bg7 4.Nc3 Nc6 5.Nf3 d6 6.O-O f5 7.d3 Nf6 8.Rb1 O-O
9.b4 a6 10.Bg5 h6 11.Bxf6 Qxf6 12.Nd2 Ne7 13.Qb3 c6 14.a4 e4 15.Rbc1 exd3
16.exd3 Be6 17.Rfe1 Rad8 18.b5 axb5 19.axb5 d5 20.cxd5 Nxd5 21.Nxd5 Bxd5
22.Bxd5+ cxd5 23.Rc7 Rf7 24.Rxf7 Qxf7 25.Nf3 f4 26.Ne5 Bxe5 27.Rxe5 fxg3
28.hxg3 Kh7 29.d4 Rf8 30.Qe3 Qg8 31.b6 Rf7 32.Re8 Qg7 33.Qe6 Rd7 34.Kg2 h5
35.f4 Qf7 36.Qxf7+ Rxf7 37.Rd8 Kh6 38.Rxd5 Rf6 39.Rb5 Rd6 40.d5 g5 41.Kf3 Kg6
42.Ke4 gxf4 43.Ke5 fxg3 44.Kxd6 g2 45.Rb1 h4 46.Kc7 h3 47.d6 h2 48.d7 h1=Q
49.d8=Q Qxb1 50.Qg8+ Kh5 51.Qxg2 Qh7+ 52.Kb8 Qe7 53.Qxb7 Qe8+ 54.Ka7 Qa4+
55.Kb8 Qe8+ 56.Qc8 Qe5+ 57.Kb7 Kh4 58.Qc7 Qd5+ 59.Qc6 Qf7+ 60.Kb8 Qg8+ 61.Qc8 Qg3+
62.Ka7 Qa3+ 63.Qa6 Qd6 64.Qa4+ Kh5 65.Qb5+ Kh4 66.Qa4+ Kh5 67.Ka6 Qe6 68.Qc2 Kh4
69.Ka7 Qe7+ 70.Kb8 Qf8+ 71.Qc8 Qf4+  1/2-1/2

[Event "17th Chess Festival"]
[Site "Abu Dhabi UAE"]
[Date "2007.08.18"]
[Round "7"]
[White "Ghaem Maghami,E"]
[Black "Le Quang,K"]
[Result "1-0"]
[WhiteElo "2610"]
[BlackElo "2284"]

1.c4 e5 2.g3 Nc6 3.Bg2 f5 4.d3 g6 5.Nc3 Bg7 6.Rb1 a5 7.e3 Nf6 8.Nge2 O-O
9.O-O Kh8 10.Bd2 Ne7 11.a3 d5 12.cxd5 Nexd5 13.Qc2 Be6 14.Rbc1 c6 15.Na4 Bg8
16.b3 Qe7 17.e4 fxe4 18.dxe4 Nc7 19.b4 Na6 20.bxa5 Qxa3 21.Rb1 Rad8 22.Bc3 Bc4
23.Bb4 Nxb4 24.Qxc4 Qxa4 25.Rxb4 Qxa5 26.Rxb7 Qd2 27.Rb3 Rb8 28.Rxb8 Rxb8
29.Bf3 Qd6 30.Rc1 Rc8 31.h4 c5 32.Kg2 h5 33.Rb1 Kh7 34.Rb3 Rf8 35.Rb7 Qc6
36.Ra7 Qd6 37.Ra6 Qc7 38.Nc3 Qb7 39.Nd5 Nxd5 40.exd5 Qf7 41.Qe4 Qf5 42.Rc6 Qxe4
43.Bxe4 Bf6 44.Rxc5 Kg7 45.Rc6 Rf7 46.Ra6 Rc7 47.f3 Rd7 48.g4 hxg4 49.fxg4 Bxh4
50.Rxg6+ Kf8 51.Kh3 Bd8 52.Re6 Re7 53.Rd6 Ba5 54.Ra6 Bb4 55.Bf5 Re8 56.d6 Rd8
57.d7 Be7 58.Kg2 Kf7 59.Kf3 Bf6 60.Re6 Be7 61.Rxe5  1-0

[Event "X Open"]
[Site "Banyoles ESP"]
[Date "2007.08.20"]
[Round "5"]
[White "Marin,M"]
[Black "Sowray,P"]
[Result "1/2-1/2"]
[WhiteElo "2533"]
[BlackElo "2352"]

1.c4 e5 2.g3 Nc6 3.Bg2 d6 4.Nc3 Be6 5.d3 Qd7 6.b4 g6 7.b5 Nd8 8.a4 Bg7 9.Ba3 Ne7
10.Qb3 O-O 11.Rc1 f5 12.Nd5 Rb8 13.e3 Nf7 14.Ne2 g5 15.f4 Ng6 16.O-O Rfd8
17.Bb2 c6 18.d4 e4 19.g4 cxd5 20.cxd5 Bxd5 21.Qxd5 Ne7 22.Qb3 d5 23.Ba3 Ng6
24.gxf5 Qxf5 25.Ng3 Qg4 26.f5 Nf4 27.Qd1 Qxd1 28.Rfxd1 Nd3 29.Rc7 Rdc8 30.Rxc8+ Rxc8
31.Nxe4 dxe4 32.Bxe4 Re8 33.Bxd3 Rxe3 34.Bc1 Rh3 35.Be4 Rh4 36.Bxb7 Bxd4+
37.Kf1 Bb6 38.Bd5 Rxh2 39.Rd2 Rh3 40.Bb2 Kf8 41.f6 Nd6 42.Kg2 Re3 43.Rc2 h5
44.Bc1 Re5 45.Bb3 Rf5 46.Bb2 g4 47.Be6 Rf3 48.Be5 Rd3 49.Bf4 Nf7 50.Rd2 Rf3
51.Rd7 Rxf4 52.Rxf7+ Ke8 53.Re7+ Kf8 54.Rf7+ Ke8 55.Re7+ Kf8 56.Rf7+  1/2-1/2

[Event "16th VR Bank Open"]
[Site "Apolda GER"]
[Date "2007.08.23"]
[Round "1"]
[White "Troyke,C"]
[Black "Welz,Thi"]
[Result "1-0"]
[WhiteElo "2386"]
[BlackElo "1866"]

1.g3 e5 2.c4 Nf6 3.Bg2 c6 4.d4 e4 5.Nc3 d5 6.cxd5 cxd5 7.Bg5 Be7 8.Nh3 Nbd7
9.Nf4 Nb6 10.Qb3 Be6 11.O-O O-O 12.Rad1 Rb8 13.f3 exf3 14.Bxf3 Ng4 15.Nxe6 fxe6
16.Bxe7 Qxe7 17.Bxg4 Nc4 18.Nb1  1-0

[Event "Euwe Stimulans"]
[Site "Arnhem NED"]
[Date "2007.08.23"]
[Round "6"]
[White "Panno,O"]
[Black "Rothuis,V"]
[Result "1-0"]
[WhiteElo "2457"]
[BlackElo "2441"]

1.c4 e5 2.g3 g6 3.Bg2 Bg7 4.Nc3 Nc6 5.d3 f5 6.e3 Nf6 7.Nge2 d6 8.O-O Be6
9.Nd5 a5 10.Bd2 Qd7 11.Bc3 O-O 12.d4 Ne4 13.Qb3 Nxc3 14.bxc3 Rab8 15.Rad1 Qf7
16.Qb5 g5 17.f4 gxf4 18.gxf4 Kh8 19.Ng3 e4 20.Rf2 Rg8 21.Kh1 Bxd4 22.Nxe4 fxe4
23.cxd4 Qh5 24.Nc3 d5 25.cxd5 Bg4 26.Rdf1 Ne7 27.d6 Nf5 28.dxc7 Rbe8 29.c8=Q Rxc8
30.Qe5+ Rg7 31.Nxe4 Re8 32.Nf6 Ng3+ 33.Kg1  1-0

[Event "1st Serbian League Women"]
[Site "Zlatibor SRB"]
[Date "2007.08.23"]
[Round "3"]
[White "Foisor,C"]
[Black "Muzychuk,A"]
[Result "1/2-1/2"]
[WhiteElo "2372"]
[BlackElo "2456"]

1.c4 e5 2.g3 Nc6 3.Bg2 f5 4.Nc3 Nf6 5.e3 d6 6.Nge2 g6 7.b3 Bg7 8.Bb2 O-O
9.O-O g5 10.f4 h6 11.Nd5 Be6 12.Nxf6+ Bxf6 13.fxe5 Bxe5 14.Bxe5 dxe5 15.d4 Bd7
16.d5 Ne7 17.d6 Nc6 18.Qd5+ Rf7 19.Rad1 Kg7 20.Nc3 cxd6 21.Qxd6 Qf8 22.Nb5 Rd8
23.Bxc6 bxc6 24.Qxe5+ Kh7 25.Nd6 Re7 26.Qc3 Be6 27.c5 Qg7 28.Qxg7+ Rxg7 29.Rd4 Rf8
30.Rf2 Kg6 31.Ra4 Re7 32.e4 Rf6 33.Rd4 fxe4 34.Rxe4 Rd7 35.Rxf6+ Kxf6 36.Kf2 Rd8
37.Ke3 Rd7 38.Kd4 Rd8 39.Re2 Bd5 40.b4 a6 41.a3 Bf3 42.Re8 Rxe8 43.Nxe8+ Kf5
44.Ke3 Bg2 45.Nd6+ Kg4 46.Kf2 Bd5 47.a4 Kh3 48.Kg1 h5 49.b5 cxb5 50.axb5 axb5
51.Nxb5 h4 52.gxh4 Kxh4 53.Nd4 g4 54.Ne2 Bb7 55.Ng3 Kh3 56.Nf1 Bc6 57.Kf2 Bb7
58.Kg1 Bc6 59.Ng3 Bb7 60.Nh1 Kh4  1/2-1/2

[Event "1st Serbian League Men"]
[Site "Zlatibor SRB"]
[Date "2007.08.25"]
[Round "5"]
[White "Lazic,Mir"]
[Black "Lajthajm,B"]
[Result "0-1"]
[WhiteElo "2465"]
[BlackElo "2511"]

1.c4 e5 2.g3 Nc6 3.Bg2 g6 4.Nc3 Bg7 5.e3 Nge7 6.Nge2 O-O 7.O-O d6 8.d3 Be6
9.Nd5 Qd7 10.Nec3 Nd8 11.Nxe7+ Qxe7 12.b3 c6 13.d4 exd4 14.exd4 c5 15.Re1 Nc6
16.Nd5 Qd8 17.h4 Bxd5 18.Bxd5 Bxd4 19.Bh6 Qf6 20.Bxf8 Bxf2+ 21.Kg2 Bxe1 22.Qxe1 Rxf8
23.Bxc6 bxc6 24.Rd1 h5 25.Rd2 Kg7 26.Qe4 Rc8 27.Kh2 Rc7 28.Kg2 d5 29.cxd5 Rd7
30.Qe3 Qd6 31.Qc3+ Kg8 32.Rc2 Qxd5+ 33.Kh2 Qf5 34.Re2 Kh7 35.Qe3 Rd3 36.Qe7 Qf3
37.Rg2 Rc3 38.Qxa7 Rc1 39.Qd7 Qf1 40.Kh3 Rc2  0-1

[Event "1st Serbian League Women"]
[Site "Zlatibor SRB"]
[Date "2007.08.29"]
[Round "9"]
[White "Zivkovic,Ves"]
[Black "Stojanovic,An"]
[Result "1/2-1/2"]
[WhiteElo "2088"]
[BlackElo "2235"]

1.g3 e5 2.c4 Nf6 3.Bg2 c6 4.e3 d5 5.d3 dxc4 6.dxc4 Qxd1+ 7.Kxd1 Bf5 8.Nc3 Bd3
9.Nf3 Nbd7 10.Bf1 Bxf1 11.Rxf1 h6 12.Ke2 O-O-O 13.a3 e4 14.Nd2 Nb6 15.b4 Ng4
16.h3 Ne5 17.c5 Nd5 18.Ndxe4 Nxc3+ 19.Nxc3 Nc4 20.Rd1 Be7 21.Rxd8+ Rxd8 22.Ne4 f5
23.Nd2 Bf6 24.Ra2 Ne5 25.Rc2 Nd3 26.Nc4 Nxc1+ 27.Rxc1 Kc7 28.Rd1 Rxd1 29.Kxd1 b6
30.cxb6+ axb6 31.Kc2 b5 32.Nd2 Kd6 33.g4 g6 34.f3 Kd5 35.Kd3 Bb2 36.Nb1 Ke5
37.Kc2 Ba1 38.Nd2 Kd5 39.gxf5 gxf5 40.Kd3 Bb2 41.Nb1 h5 42.Nc3+ Ke5 43.a4 bxa4
44.Nxa4 Ba3 45.Kc4 Bc1 46.Kd3 Ba3 47.Kc4 Bc1 48.Kd3  1/2-1/2

[Event "LNA Copa Puma"]
[Site "Argentina ARG"]
[Date "2007.09.01"]
[Round "4"]
[White "Perelman,H"]
[Black "Filgueira,H"]
[Result "1/2-1/2"]
[WhiteElo "2296"]
[BlackElo "2331"]

1.c4 e5 2.g3 Nc6 3.Bg2 f5 4.Nc3 Nf6 5.e3 g6 6.Nge2 Bg7 7.d3 O-O 8.O-O Ne7
9.e4 fxe4 10.dxe4 d6 11.h3 Be6 12.Nd5 c6 13.Nxf6+ Bxf6 14.b3 c5 15.Nc3 Qd7
16.Kh2 Nc6 17.Nd5 Bg7 18.Be3 Rf7 19.f3 Rb8 20.Rf2 h6 21.Qd2  1/2-1/2

[Event "XXII Open"]
[Site "Parla ESP"]
[Date "2007.09.01"]
[Round "1"]
[White "Sanchez Garcia,Ma"]
[Black "Korneev,O"]
[Result "0-1"]
[WhiteElo "1953"]
[BlackElo "2565"]

1.c4 e5 2.g3 Nc6 3.Bg2 Nf6 4.e3 d5 5.cxd5 Nxd5 6.Nc3 Ndb4 7.d4 exd4 8.a3 dxc3
9.axb4 Qxd1+ 10.Kxd1 Bg4+ 11.f3 O-O-O+ 12.Ke2 cxb2 13.Bxb2 Bxb4 14.Bxg7 Rd2+
15.Kf1 Rg8 16.fxg4 Rxg7 17.Nf3 Rb2 18.Rd1 a5 19.Ne1 Ne5 20.Nd3 Nxd3 21.Rxd3 a4
22.Bf3 a3 23.Be2 a2 24.Kf2 Rb1 25.Rdd1  0-1

[Event "4th LGA Premium Cup"]
[Site "Nuernberg GER"]
[Date "2007.09.08"]
[Round "5"]
[White "Troyke,C"]
[Black "Wagner,Han1"]
[Result "1-0"]
[WhiteElo "2386"]
[BlackElo "2057"]

1.g3 e5 2.c4 g6 3.Bg2 Bg7 4.Nc3 Nc6 5.e3 d6 6.Nge2 h5 7.h4 Nh6 8.d3 Nf5 9.Rb1 a5
10.a3 O-O 11.b4 axb4 12.axb4 Nce7 13.O-O c6 14.Bb2 Be6 15.Ne4 f6 16.Qc2 Qc7
17.d4 Bf7 18.Rfd1 Rfd8 19.Nd2 Nh6 20.e4 Be6 21.Nf1 Qc8 22.Ne3 Bh3 23.Bh1 Ng4
24.Bc1 Kh7 25.Nxg4 Bxg4 26.dxe5 dxe5 27.Be3 Qc7 28.Rxd8 Rxd8 29.Rd1 Rxd1+
30.Qxd1 Qd7 31.Qxd7 Bxd7 32.Nc3 Be6 33.c5 Bh6 34.Bxh6 Kxh6 35.f4 Bc4 36.Kf2 Kg7
37.Bf3 Ng8 38.Na4 Nh6 39.Nb2 Bb3 40.Ke3 Ng4+ 41.Bxg4 hxg4 42.Nd3 exf4+ 43.Kxf4 Bc2
44.Ne1 Bb1 45.Ng2 Kh6 46.Ne3 Kh5 47.Nc4 f5 48.e5 g5+ 49.hxg5 Kg6 50.Nd6 Bd3
51.e6  1-0

[Event "Open"]
[Site "Liverpool ENG"]
[Date "2007.09.09"]
[Round "9"]
[White "Miezis,N"]
[Black "Haslinger,S"]
[Result "1/2-1/2"]
[WhiteElo "2524"]
[BlackElo "2468"]

1.c4 e5 2.g3 Nf6 3.Bg2 d5 4.cxd5 Nxd5 5.Nc3 Nb6 6.Nf3 Nc6 7.Rb1 a5 8.O-O Be7
9.b3 O-O 10.Bb2 Be6 11.Rc1 f6 12.Ne4 a4 13.d4 axb3 14.axb3 Ra2 15.Bc3 Nd5
16.dxe5 f5 17.Ned2 Nxc3 18.Rxc3 Nxe5 19.Re3 Bf6 20.Nb1 Ra8 21.Nd4 Bd5 22.b4 Bxg2
23.Kxg2 Qd5+ 24.Kg1 f4 25.gxf4 Ng4 26.Rd3 Ra6 27.h3 Nh6 28.b5 Nf5 29.Nc3 Qc4
30.Qa4  1/2-1/2

[Event "4th LGA Premium Cup"]
[Site "Nuernberg GER"]
[Date "2007.09.09"]
[Round "6"]
[White "Kopylov,M"]
[Black "Levushkina,E"]
[Result "1-0"]
[WhiteElo "2458"]
[BlackElo "2318"]

1.c4 e5 2.g3 c6 3.d4 exd4 4.Qxd4 d5 5.cxd5 cxd5 6.Bg2 Nf6 7.Nf3 Nc6 8.Qa4 Be7
9.O-O O-O 10.Nc3 Qb6 11.Rd1 Bc5 12.e3 Rd8 13.Qc2 Be7 14.b3 Bg4 15.Bb2 Rac8
16.Qe2 Qb4 17.h3 Be6 18.Rac1 Qa5 19.Ng5 Bf5 20.a3 h6 21.b4 Qc7 22.Nf3 Qb8
23.Nb5 Be4 24.Nfd4 Bg6 25.Nb3 a6 26.Nc3 Ne5 27.Nxd5 Nxd5 28.Rxc8 Rxc8 29.Bxd5 Bf6
30.Nc5 Rc7 31.f4 Nc6 32.Bxf6 gxf6 33.Qg4 Qe8 34.Qxg6+  1-0

[Event "TCh-FIN 2007-8"]
[Site "Finland FIN"]
[Date "2007.09.15"]
[Round "1"]
[White "Valkesalmi,K"]
[Black "Niemi,K"]
[Result "0-1"]
[WhiteElo "2360"]
[BlackElo "2291"]

1.c4 e5 2.g3 Nf6 3.Bg2 d5 4.cxd5 Nxd5 5.Nf3 Nc6 6.O-O Nb6 7.a3 Be7 8.d3 Be6
9.Nbd2 a5 10.b3 O-O 11.Bb2 f6 12.Qc2 Qd7 13.e3 Bh3 14.Bxh3 Qxh3 15.d4 exd4
16.Nxd4 Nxd4 17.Bxd4 Qd7 18.Rfd1 Rac8 19.Bxb6 cxb6 20.Nc4 Qe6 21.a4 Rc5 22.Rd4 Rfc8
23.Qe4 Qxe4 24.Rxe4 Kf7 25.Rd4 b5 26.axb5 Rxb5 27.Nxa5 Ra8 28.Rda4 Rb4 29.Kf1 Rxa4  0-1